000 00609nam a22001937a 4500
003 NUST-PNEC
005 20170114142534.0
008 140509b xxu||||| |||| 00| 0 eng d
020 _a812192524X
040 _cPNEC
082 _a620.3 KHU
100 _9106
_aKhurmi, R.S.
245 _aTheory of Machines
_cR.S. Khurmi
260 _aNew Dehli
_bEurasia Publishing House
_cc.1976
300 _axii, 1071 p. :
_bill. :
_c24 cm.
500 _ahttp://www.amazon.com/Theory-Machines-R-S-Khurmi/dp/812192524X/ref=sr_1_1?s=books&ie=UTF8&qid=1399618972&sr=1-1&keywords=812192524x
650 _xME
942 _2ddc
_cBK
999 _c60103
_d60103